00485nam a2200145Ia 4500008004100000041000800041082001200049100001900061245004500080260003400125300003300159365001100192999001700203952011900220240624s9999 xx 000 0 und d aeng a828 HAS aHASAN MUSHIRUL aFROM GHALIB S DELLI TO LUTYEN S NEW DELH c2014aNew DelhibOxford India axliii, : 296 : p. : cm. ; 24 cRSb31 c23351d23351 00104070aIMTNbIMTNcRack 42-Ad2014-10-07eAPg1395.00o828 HASp23351r2024-06-24 00:00:00t1w2024-06-24yBK